| 000 | 00352nam a22001457a 4500 | ||
|---|---|---|---|
| 008 | 230616b ||||| |||| 00| 0 eng d | ||
| 020 | _a9780615509280 | ||
| 041 | _aeng | ||
| 080 | _a159.9 | ||
| 082 | _a159.9O'BR | ||
| 100 | _a25 | ||
| 101 | _aPSI | ||
| 245 |
_aOPERATORS AND THINGS THE INNER LIFE OF A SCHIZOPHRENIC _cO'BRIEN .B |
||
| 942 |
_2udc _cBK |
||
| 999 |
_c59994 _d59994 |
||